[Event "SWE-ch blitz"]
[Site "Helsingborg"]
[Date "2021.11.14"]
[Round "6"]
[White "Storme, Isak"]
[Black "Muhamed, Hoger"]
[Result "1-0"]
[WhiteElo "2037"]
[BlackElo "1838"]
[PlyCount "85"]
[EventDate "2021.11.14"]
[EventType "swiss (blitz)"]
[EventRounds "13"]
[EventCountry "SWE"]
[SourceTitle "EXT 2024"]
[Source "ChessBase"]
[SourceDate "2023.10.10"]
[SourceVersion "1"]
[SourceVersionDate "2023.10.10"]
[SourceQuality "1"]

1. d4 Nf6 2. Bf4 g6 3. Nc3 Bg7 4. e4 0-0 5. e5 Ne8 6. Nf3 d6 7. Bc4 Bg4 8. h3 Bxf3 9. Qxf3 Nc6 10. 0-0-0 Qc8 11. h4 dxe5 12. dxe5 Nxe5 13. Bxe5 Bxe5 14. Nd5 Bd6 15. h5 c6 16. hxg6 cxd5 17. gxf7+ Rxf7 18. Qxd5 e6 19. Qxe6 Qxe6 20. Bxe6 Bf4+ 21. Kb1 Ng7 22. Bxf7+ Kxf7 23. Rd7+ Kg6 24. g3 Bg5 25. Rxb7 a5 26. f4 Bf6 27. g4 Re8 28. Rb6 h6 29. g5 hxg5 30. fxg5 Kxg5 31. Rg1+ Kf5 32. Rf1+ Kg6 33. Rbxf6+ Kg5 34. R6f2 Re5 35. a4 Nf5 36. Rxf5+ Rxf5 37. Rxf5+ Kxf5 38. c3 Ke4 39. b4 Kd5 40. b5 Kc5 41. Kc2 Kb6 42. Kd3 Kc5 43. Ke4 1-0